[Event "AUTO-BEG-116"]
[Site "http://www.queenalice.com/game.php?id=234025"]
[Date "2007.7.3"]
[Round "1"]
[White "lunga"]
[Black "kingrey"]
[Result "0-1"]
[WhiteElo "1200"]
[BlackElo "1249"]

1. e3 d5 2. Nf3 e6 3. g3 Nc6 4. c3 b6 5. Bb5 Bd7 6. Nh4 Bc5 7. Ba6 Nf6 8. d4 Bd6
9. Bb7 Rb8 10. Ba6 e5 11. Nf5 e4 12. Nh4 O-O 0-1

[Event "AUTO-BEG-116"]
[Site "http://www.queenalice.com/game.php?id=234032"]
[Date "2007.7.3"]
[Round "1"]
[White "adilson_camargo"]
[Black "lunga"]
[Result "1-0"]
[WhiteElo "1639"]
[BlackElo "1235"]

1. d4 e6 2. c4 Nc6 3. d5 Nb4 4. a3 Na6 5. b4 b6 6. e4 Qf6 7. Ra2 h6 8. Nf3 e5 9.
Bd3 h5 10. h3 Nh6 11. Nc3 Bb7 12. Be3 c5 13. b5 Nc7 14. Bc2 d6 15. Bg5 Qg6 16.
Qd2 Ng8 17. Nh4 Qh7 18. Bd1 f6 19. Be3 1-0

[Event "AUTO-BEG-116"]
[Site "http://www.queenalice.com/game.php?id=234033"]
[Date "2007.7.3"]
[Round "1"]
[White "lunga"]
[Black "adilson_camargo"]
[Result "0-1"]
[WhiteElo "1239"]
[BlackElo "1635"]

1. f3 d5 2. e3 e5 3. h4 Nf6 4. c3 Nc6 5. Nh3 h6 6. Na3 Bxa3 7. bxa3 O-O 8. Bd3
e4 9. fxe4 dxe4 10. Bc4 Bxh3 11. Rxh3 Ne5 12. Bb5 c6 13. Ba4 Nd3+ 14. Kf1 b5 15.
Bb3 c5 16. Bb2 Nxb2 17. Qc2 Nd3 18. Qd1 c4 19. Bc2 Nd5 0-1

[Event "AUTO-OPEN-723"]
[Site "http://www.queenalice.com/game.php?id=234084"]
[Date "2007.7.3"]
[Round "1"]
[White "cruxial"]
[Black "lunga"]
[Result "1-0"]
[WhiteElo "1736"]
[BlackElo "1250"]

1. Nf3 e6 2. e4 Nc6 3. d4 Nf6 4. e5 Ng4 5. Be2 Bb4+ 6. Bd2 a5 7. c3 Be7 8. Ng1
Nh6 9. Bxh6 gxh6 10. Nh3 b6 11. O-O Bh4 12. Nf4 Qg5 13. Nh5 Rg8 14. Nf6+ Kf8 15.
Nxh7+ Kg7 16. Nxg5 hxg5 17. Bd3 d5 18. exd6 cxd6 19. Qh5 1-0

[Event "AUTO-OPEN-723"]
[Site "http://www.queenalice.com/game.php?id=234085"]
[Date "2007.7.3"]
[Round "1"]
[White "lunga"]
[Black "cruxial"]
[Result "0-1"]
[WhiteElo "1252"]
[BlackElo "1734"]

1. e3 e5 2. Nc3 d5 3. Nf3 e4 4. Ne5 Nf6 5. Nb5 Bd6 6. Ng4 Bxg4 7. f3 exf3 8.
gxf3 Bh5 9. Bh3 Ne4 10. Nd4 Bc5 11. fxe4 Bxd1 12. Nf5 Bxc2 13. d4 Bb4+ 14. Ke2
Bf8 15. b3 Bxe4 16. Rg1 Bxf5 17. Bxf5 g6 18. Bg4 Bg7 0-1

[Event "AUTO-OPEN-723"]
[Site "http://www.queenalice.com/game.php?id=234106"]
[Date "2007.7.3"]
[Round "1"]
[White "bruno_borges"]
[Black "lunga"]
[Result "1-0"]
[WhiteElo "1940"]
[BlackElo "1242"]

1. e4 e5 2. Nf3 b6 3. Nxe5 d6 4. Nc4 Qg5 5. d4 Qg6 6. Nc3 Ba6 7. Ne3 h5 8. Ncd5
Kd8 9. Bxa6 Nxa6 10. Qd3 Qxg2 11. Nxg2 Rh6 12. Bxh6 gxh6 13. Qxa6 Kd7 14. Qb5+
c6 15. Qa4 Ke6 16. Nc7+ Ke7 17. Nxa8 b5 18. Qxa7+ Ke6 19. Nf4+ Kf6 20. Qd7 Kg7
21. Nxh5+ Kg6 22. Qg4+ Kh7 23. Rg1 Bg7 24. Qxg7# 1-0

[Event "AUTO-OPEN-723"]
[Site "http://www.queenalice.com/game.php?id=234107"]
[Date "2007.7.3"]
[Round "1"]
[White "lunga"]
[Black "bruno_borges"]
[Result "0-1"]
[WhiteElo "1257"]
[BlackElo "1909"]

1. e3 d5 2. g3 e5 3. Nf3 Nc6 4. Nc3 Bg4 5. b3 e4 6. Nd4 Bxd1 7. Kxd1 Nxd4 8.
exd4 Nf6 9. a3 Ng4 10. Ke1 Qf6 11. Nd1 c5 12. Bb5+ Kd8 13. Rb1 cxd4 14. h3 Ne5
15. Bb2 Nf3+ 16. Ke2 Rc8 17. c4 d3+ 18. Kf1 Qf5 19. Ne3 Nxd2+ 20. Kg2 Qf3+ 21.
Kg1 Nxb1 22. Nd1 Bc5 23. Bxg7 Bxf2+ 24. Nxf2 Qxg3+ 25. Kf1 Nd2+ 26. Ke1 Qe3+ 27.
Kd1 Qe2+ 28. Kc1 Nxb3+ 0-1

[Event "AUTO-OPEN-723"]
[Site "http://www.queenalice.com/game.php?id=234120"]
[Date "2007.7.3"]
[Round "1"]
[White "lunga"]
[Black "adilson_camargo"]
[Result "0-1"]
[WhiteElo "1233"]
[BlackElo "1641"]

1. e3 d5 2. g3 e5 3. b3 Nf6 4. Na3 Nc6 5. Nf3 h6 6. Bd3 e4 7. h3 exd3 8. cxd3 a6
9. Nd4 Nxd4 10. exd4 Qe7+ 11. Kf1 Qb4 12. Nc2 Qb6 13. h4 Be7 14. Qf3 O-O 15. h5
Bg4 16. Qf4 Bd6 17. Qe3 Rfe8 18. Qxe8+ Rxe8 19. Ne3 Qxd4 0-1

[Event "AUTO-OPEN-723"]
[Site "http://www.queenalice.com/game.php?id=234121"]
[Date "2007.7.3"]
[Round "1"]
[White "adilson_camargo"]
[Black "lunga"]
[Result "1-0"]
[WhiteElo "1637"]
[BlackElo "1237"]

1. d4 e6 2. c4 b6 3. e3 Bb4+ 4. Bd2 Nc6 5. Nf3 a5 6. a3 Bd6 7. Nc3 Ba6 8. Bd3
Qe7 9. O-O Qf6 10. Ne4 Qh6 11. b3 Nf6 12. Nxd6+ cxd6 13. e4 Qh5 14. Re1 Ng4 15.
h3 Nf6 16. Be2 Nxe4 17. Ng5 Qg6 18. Nxe4 1-0